| 000 | 00375nam a22001577a 4500 | ||
|---|---|---|---|
| 999 |
_c10569 _d10569 |
||
| 003 | OSt | ||
| 008 | 210325b ||||| |||| 00| 0 eng d | ||
| 020 | _a9789383359639 | ||
| 100 | _aPARTRIDGE,Howard | ||
| 245 | _aThe 5 Secrets of a Phenomental Business | ||
| 250 | _a- | ||
| 260 |
_aMumbai _bEmbassy Book _c2014 |
||
| 300 | _a261 | ||
| 650 | _aGeneral | ||
| 942 |
_2ddc _cBK _01 |
||